000 00869nam a2200253Ia 4500
003 OSt
005 20220923215854.0
006 a|||||r|||| 00| 0
007 ta
008 220922b |||||||| |||| 00| 0 hin d
024 _a182,417
037 _cTextual
040 _aARTS
_cARTS
_bhin
041 _2hin
_ahin
082 _aO152,1N177:g, N1
100 _aसंजीव सिंह
245 0 _aगजानन माधव मुक्तिबोध और उनका काव्य
246 _aGajānan mādhav muktibodh aur unakā kāvya
260 _aइलाहाबाद
_b जयभारती प्रकाशन
_c1991
300 _a191 पृ.
_ccm.
650 _aहिन्दी साहित्य
_9156264
942 _hO152,1N177:g, N1
_cTEXL
_2CC
999 _c335781
_d335781